1768 1063 1565 1025 1824 1069 1875 1775 1074 1346 1146 1937 1499 1152 1859 1277 1149 1395 1475 1037 1063 1400 1024 1778 1636 1570 1405 1345 1222 1525 1967 1706 1142 1830 1522 1916 1974 1524 1490 1097 1426 1908 1175 1734 1750 1478 1060 1833 1285 1821 1530 1392 1052 1502 1217 1668 1268 1473 1829 1841 1465 1294 1503 1730 1789 1595 1286 1822 1903 1881 1924 1762 1124 1635 1442 1531 1795 1433 1952 1086 1713 1059 1668 1337 1206 1689 1767 1321 1686 1844 1432 1034 1200 1525 1630 1893 1292 1341 1835 BCNSPRNW ULIB Ver.6.0+V

เปลี่ยนเป็นภาษาไทย

Change to English
 แสดงรายละเอียดบรรณานุกรม
  กลับหน้าหลัก

Brief Record : Get Marc (ISO 2709) : E-mail record : QR code < ปิดหน้าต่าง
LEADER : 00000nam 2200000uu 4500
001    13399112250
003     ULIB
008    110802s2554||||th 000 0 tha d
020    9786165082013
090    นว.^bร935ค 2554
100 0  โรบิน คุก
245 00 คำสาปสฟิงซ์/^cโรบิน คุก, เขียน นิดา, แปล
260    กรุงเทพฯ:^bแสงดาว, ^c2554
300    343 หน้า
945    ^p260^l0^i18468
995    เกษร
999 ^a ใช้งานได้ทุกระบบ
รายการนี้ยังไม่มีแท็ก
คุณยังไม่ได้ล็อกอิน คุณสามารถมีกิจกรรมร่วมกับเว็บไซต์ได้ แต่ต้องล็อกอินก่อน ::
  ล็อกอิน

รายการสื่อสารสนเทศ

ลำดับที่ ประเภท เลขเรียก/บาร์โค้ด สถานที่ สถานะ
1. วิทยาศาสตร์การแพทย์ และสุขภาพ
วิทยาศาสตร์การแพทย์ และสุขภาพ
สถานะ=หาย
นว. ร935ค 2554  
  Barcode: 18468
ห้องสมุดวิทยาเขตสวรรค์ประชารักษ์
►นวนิยาย
บนชั้น
  ขอยืม

BibComment


ยังไม่เคยถูกคอมเมนท์

คอมเมนท์ทรัพยากรรายการนี้
  คอมเมนท์: คำสาปสฟิงซ์ โรบิน..


 Copyright 2026. Bcnsprnw @Library